| 000 | 00540cam a2200157 4500 | ||
|---|---|---|---|
| 001 | ABS61114 | ||
| 008 | 000000n1999 000 0 eng u | ||
| 035 | _a(Sirsi) u101677 | ||
| 100 | _aCoward, P. | ||
| 245 | _aNavigating the difficult road to Terrier Computerisation. | ||
| 260 | _c1999 | ||
| 490 |
_aProperty Systems Review _v(10) Summer 1999, 16-17(2) |
||
| 520 | _aExamines the route to terrier computerisation and suggests ways of making it easier. | ||
| 690 | _aMANAGEMENT-BUSINESS MANAGEMENT-INFORMATION MANAGEMENT | ||
| 942 | _n0 | ||
| 999 |
_c60802 _d60802 |
||